[Event "Coin op"]
[Site "Coin"]
[Date "2021.04.02"]
[Round "4"]
[White "Hernando Santiago, Alberto"]
[Black "Mazo Fernandez, Roberto"]
[Result "1-0"]
[WhiteElo "1631"]
[BlackElo "2002"]
[PlyCount "76"]
[EventDate "2021.04.01"]
[EventType "swiss"]
[EventRounds "7"]
[EventCountry "ESP"]
[SourceTitle "EXT 2022"]
[Source "ChessBase"]
[SourceDate "2021.10.06"]
[SourceVersion "1"]
[SourceVersionDate "2021.10.06"]
[SourceQuality "1"]

1. e4 c5 2. Nf3 d6 3. Bb5+ Bd7 4. Bxd7+ Qxd7 5. 0-0 Nc6 6. c3 Nf6 7. Qe2 e5 8. Rd1 Qg4 9. d3 Be7 10. Nbd2 0-0 11. Nf1 Rfe8 12. Ne3 Qd7 13. Nf5 g6 14. Ng3 Bf8 15. Bg5 Bg7 16. Nf1 d5 17. Bxf6 Bxf6 18. Ne3 Ne7 19. c4 d4 20. Nd5 Bg7 21. a3 Nxd5 22. cxd5 Bh6 23. Qc2 Rac8 24. Nd2 Bxd2 25. Qxd2 c4 26. dxc4 Rxc4 27. Rac1 Rec8 28. Rxc4 Rxc4 29. Rc1 Qc8 30. Rxc4 Qxc4 31. f3 f5 32. Qg5 Kf7 33. Qh6 fxe4 34. Qxh7+ Kf6 35. Qh8+ Kf5 36. Qf8+ Kg5 37. h4+ Kxh4 38. Qh6+ Kg3 1-0

[Event "Tres Cantos op 11th"]
[Site "Tres Cantos"]
[Date "2019.06.29"]
[Round "8"]
[White "Alvarez Gonzalez, Eduardo"]
[Black "Mazo Fernandez, Roberto"]
[Result "0-1"]
[WhiteElo "1772"]
[BlackElo "1956"]
[PlyCount "102"]
[EventDate "2019.06.22"]
[EventType "swiss"]
[EventRounds "9"]
[EventCountry "ESP"]
[SourceTitle "CBM 195 Extra"]
[Source "ChessBase"]
[SourceDate "2020.05.31"]
[SourceVersion "1"]
[SourceVersionDate "2020.05.31"]
[SourceQuality "1"]

1. d4 Nf6 2. Nf3 e6 3. c4 Bb4+ 4. Bd2 Qe7 5. a3 Bxd2+ 6. Nbxd2 d6 7. g3 0-0 8. Bg2 e5 9. dxe5 dxe5 10. e3 Rd8 11. 0-0 a5 12. Qc2 Bg4 13. Rfe1 Nbd7 14. Ng5 c6 15. Bf3 Bxf3 16. Ngxf3 Nc5 17. Nb3 Ncd7 18. Rad1 a4 19. Nc1 Nc5 20. Rxd8+ Rxd8 21. Rd1 Rxd1+ 22. Qxd1 Nfd7 23. Qc2 h6 24. Ne2 Qe6 25. Nd2 Nb6 26. Kg2 Qg4 27. f3 Qe6 28. e4 Qd6 29. Kf1 Kf8 30. Qc3 f6 31. Nc1 Ke7 32. Ke2 Ne6 33. Ke3 Qc5+ 34. Ke2 Nd4+ 35. Kf1 Ne6 36. Nd3 Qe3 37. Nc1 Qxc3 38. bxc3 Kd6 39. Ke2 Nd7 40. Nd3 Ndc5 41. Nb2 g6 42. h4 f5 43. exf5 gxf5 44. Ke3 h5 45. Nd1 f4+ 46. gxf4 Nxf4 47. Ne4+ Nxe4 48. Kxe4 Ng6 49. Ne3 Nxh4 50. f4 exf4 51. Kxf4 Kc5 0-1

[Event "Madrid San Viator op-A 29th"]
[Site "Madrid"]
[Date "2017.11.05"]
[Round "8"]
[White "Garcia Sanjuan, Jose"]
[Black "Mazo Fernandez, Roberto"]
[Result "1/2-1/2"]
[WhiteElo "1899"]
[BlackElo "1967"]
[PlyCount "97"]
[EventDate "2017.09.17"]
[EventType "swiss"]
[EventRounds "9"]
[EventCountry "ESP"]
[SourceTitle "EXT 2019"]
[Source "ChessBase"]
[SourceDate "2018.10.10"]
[SourceVersion "1"]
[SourceVersionDate "2018.10.10"]
[SourceQuality "1"]

1. Nf3 Nf6 2. b3 g6 3. Bb2 Bg7 4. e3 0-0 5. h3 d5 6. c4 c5 7. cxd5 Nxd5 8. Bxg7 Kxg7 9. Qc1 b6 10. a3 Bb7 11. Nc3 Nf6 12. Bc4 Nc6 13. 0-0 e5 14. d3 a6 15. a4 Qd6 16. Rd1 Rad8 17. e4 Nb4 18. Qg5 Rfe8 19. Nh4 Bc8 20. g4 h6 21. Qc1 Qe7 22. Ng2 Rd6 23. f4 Red8 24. Ne1 Nd7 25. f5 Nb8 26. Qe3 N8c6 27. Rd2 Na5 28. Rad1 Bb7 29. Qg3 g5 30. Nf3 f6 31. Ne1 Nac6 32. h4 Nd4 33. Rh2 Bc6 34. hxg5 fxg5 35. Rf2 Rf6 36. Rfd2 b5 37. axb5 axb5 38. Bd5 Bxd5 39. exd5 Nxd5 40. Nxd5 Rxd5 41. Qg2 Rd7 42. Rb2 Ra6 43. Qe4 Qd6 44. Rf2 Kf6 45. Qh1 Rh7 46. Qh5 Kg7 47. f6+ Kf8 48. Qg6 Qd7 49. Qe4 1/2-1/2

[Event "Madrid San Viator op-A 29th"]
[Site "Madrid"]
[Date "2017.10.08"]
[Round "4"]
[White "Garcia Martin, Esteban"]
[Black "Mazo Fernandez, Roberto"]
[Result "1/2-1/2"]
[WhiteElo "1854"]
[BlackElo "1967"]
[PlyCount "76"]
[EventDate "2017.09.17"]
[EventType "swiss"]
[EventRounds "9"]
[EventCountry "ESP"]
[SourceTitle "EXT 2019"]
[Source "ChessBase"]
[SourceDate "2018.10.10"]
[SourceVersion "1"]
[SourceVersionDate "2018.10.10"]
[SourceQuality "1"]

1. c4 e5 2. Nc3 Nc6 3. g3 g6 4. Bg2 Bg7 5. e4 d6 6. d3 Nge7 7. Nge2 0-0 8. h3 f5 9. 0-0 Be6 10. f4 fxe4 11. Nxe4 Nf5 12. Ng5 Nfd4 13. Nxd4 Nxd4 14. Nxe6 Nxe6 15. Bd5 Qd7 16. Qg4 Rae8 17. f5 gxf5 18. Rxf5 Rxf5 19. Qxf5 Qf7 20. Qxf7+ Kxf7 21. Be3 c6 22. Rf1+ Ke7 23. Be4 h6 24. Bg6 Rf8 25. Rxf8 Nxf8 26. Bf5 b6 27. Be4 c5 28. Bf5 Kf6 29. g4 h5 30. Kg2 hxg4 31. hxg4 Ne6 32. Bxe6 Kxe6 33. Kf3 d5 34. b3 d4 35. Bd2 Kf6 36. Ke4 Kg6 37. a4 a5 38. Bc1 Bf6 1/2-1/2

[Event "Tres Cantos op 9th"]
[Site "Tres Cantos"]
[Date "2017.06.23"]
[Round "2"]
[White "Mazo Fernandez, Roberto"]
[Black "Anton Quevedo, Andrea"]
[Result "0-1"]
[WhiteElo "2010"]
[BlackElo "1800"]
[PlyCount "60"]
[EventDate "2017.06.22"]
[EventType "swiss"]
[EventRounds "9"]
[EventCountry "ESP"]
[SourceTitle "EXT 2019"]
[Source "ChessBase"]
[SourceDate "2018.10.10"]
[SourceVersion "1"]
[SourceVersionDate "2018.10.10"]
[SourceQuality "1"]

1. d4 Nf6 2. c4 g6 3. f3 d5 4. cxd5 Nxd5 5. e4 Nb6 6. Nc3 Bg7 7. Be3 0-0 8. Qd2 c6 9. h4 h5 10. g4 e5 11. d5 cxd5 12. exd5 e4 13. 0-0-0 exf3 14. gxh5 Bg4 15. hxg6 fxg6 16. Nh3 N8d7 17. Nf2 Bh5 18. Bd4 Ne5 19. Re1 Qc7 20. Kb1 Nbc4 21. Bxc4 Nxc4 22. Qd3 Rac8 23. Bxg7 Qxg7 24. Re6 b5 25. Rhe1 Rf7 26. Re8+ Rxe8 27. Rxe8+ Kh7 28. Rb8 Qe5 29. Rxb5 Qe1+ 30. Ncd1 Rc7 0-1

[Event "Madrid San Viator op-A 28th"]
[Site "Madrid"]
[Date "2017.04.23"]
[Round "4"]
[White "Mazo Fernandez, Roberto"]
[Black "Sainz Pino, Fernando"]
[Result "0-1"]
[WhiteElo "1982"]
[BlackElo "1895"]
[PlyCount "58"]
[EventDate "2017.03.26"]
[EventType "swiss"]
[EventRounds "9"]
[EventCountry "ESP"]
[SourceTitle "EXT 2018"]
[Source "ChessBase"]
[SourceDate "2017.10.13"]
[SourceVersion "1"]
[SourceVersionDate "2017.10.13"]
[SourceQuality "1"]

1. d4 Nf6 2. c4 g6 3. f3 d5 4. cxd5 Nxd5 5. e4 Nb6 6. Nc3 Bg7 7. Be3 0-0 8. Qd2 Nc6 9. 0-0-0 Na5 10. Bh6 Nac4 11. Qf4 Qd6 12. Bxc4 Nxc4 13. Nd5 e5 14. Qh4 Bxh6+ 15. Qxh6 c6 16. dxe5 Qxe5 17. Nc3 b5 18. f4 Qe7 19. Re1 Qb4 20. Re2 Nxb2 21. Rxb2 Qxc3+ 22. Rc2 Qa1+ 23. Kd2 Rd8+ 24. Ke3 Qd4+ 25. Kf3 Qd3+ 26. Kf2 Qxc2+ 27. Kg3 Rd2 28. Nf3 Rxg2+ 29. Kh4 Qf2# 0-1

[Event "Madrid San Viator op-A 26th"]
[Site "Madrid"]
[Date "2016.04.24"]
[Round "4"]
[White "Lozano Freras, Sergio"]
[Black "Mazo Fernandez, Roberto"]
[Result "1-0"]
[WhiteElo "1925"]
[BlackElo "1990"]
[PlyCount "51"]
[EventDate "2016.04.03"]
[EventType "swiss"]
[EventRounds "9"]
[EventCountry "ESP"]
[SourceTitle "EXT 2017"]
[Source "ChessBase"]
[SourceDate "2016.10.25"]
[SourceVersion "1"]
[SourceVersionDate "2016.10.25"]
[SourceQuality "1"]

1. e4 c5 2. Nf3 d6 3. d4 cxd4 4. Nxd4 Nf6 5. Nc3 a6 6. h3 e6 7. g4 h5 8. g5 Ng8 9. h4 Ne7 10. Be3 Nbc6 11. Qd2 b5 12. f4 Bb7 13. Bg2 Nxd4 14. Bxd4 Nc6 15. Be3 Na5 16. 0-0-0 Nc4 17. Qd4 Rc8 18. Bh3 Qc7 19. Rh2 d5 20. exd5 Bc5 21. Qxc5 Qa5 22. Qd4 b4 23. dxe6 0-0 24. exf7+ Rxf7 25. Bxc8 Rc7 26. Be6+ 1-0

[Event "Madrid San Viator op 24th"]
[Site "Madrid"]
[Date "2015.05.31"]
[Round "9"]
[White "Mazo Fernandez, Roberto"]
[Black "Elissalt Cardenas, Hector"]
[Result "0-1"]
[WhiteElo "1966"]
[BlackElo "2337"]
[PlyCount "72"]
[EventDate "2015.03.22"]
[EventType "swiss"]
[EventRounds "9"]
[EventCountry "ESP"]
[SourceTitle "EXT 2016"]
[Source "ChessBase"]
[SourceDate "2015.10.08"]
[SourceVersion "1"]
[SourceVersionDate "2015.10.08"]
[SourceQuality "1"]

1. d4 Nf6 2. c4 e6 3. Nc3 Bb4 4. e3 c5 5. Bd3 d6 6. Nge2 Nc6 7. 0-0 Bxc3 8. bxc3 0-0 9. e4 e5 10. d5 Ne7 11. f4 exf4 12. Bxf4 Ng4 13. h3 Ne5 14. Bxe5 dxe5 15. Qd2 Qd6 16. Rf3 f6 17. Raf1 Bd7 18. g4 Rf7 19. Ng3 Raf8 20. Nf5 Bxf5 21. gxf5 g5 22. Kf2 h5 23. Rg3 h4 24. Rg4 Rg7 25. Rfg1 Nc8 26. Ke3 Qc7 27. Rb1 Nd6 28. Qb2 Qa5 29. Qb3 b5 30. Qc2 Rb8 31. Rg2 Rgb7 32. Qe2 Qxc3 33. Qh5 Nxc4+ 34. Ke2 Qd2+ 35. Kf3 Qxd3+ 36. Kg4 Qxe4# 0-1

[Event "Madrid-ch final"]
[Site "Madrid"]
[Date "2015.05.27"]
[Round "1"]
[White "Mazo Fernandez, Roberto"]
[Black "Moreno Ruiz, Javier"]
[Result "0-1"]
[WhiteElo "2024"]
[BlackElo "2463"]
[PlyCount "50"]
[EventDate "2015.05.27"]
[EventType "k.o."]
[EventRounds "4"]
[EventCountry "ESP"]
[SourceTitle "EXT 2018"]
[Source "ChessBase"]
[SourceDate "2017.10.13"]
[SourceVersion "1"]
[SourceVersionDate "2017.10.13"]
[SourceQuality "1"]

1. d4 Nf6 2. c4 e6 3. Nc3 Bb4 4. e3 b6 5. Bd3 Bb7 6. Nf3 Ne4 7. Qc2 f5 8. 0-0 Bxc3 9. bxc3 0-0 10. Nd2 Qh4 11. g3 Ng5 12. f3 Qh5 13. Qd1 d6 14. Ba3 Nd7 15. Qe2 Rae8 16. Qg2 e5 17. d5 f4 18. g4 Qh4 19. e4 Nh3+ 20. Kh1 Nf6 21. Be2 Bc8 22. Rfe1 h5 23. gxh5 Nxh5 24. Bf1 Ng3+ 25. hxg3 fxg3 0-1

[Event "Madrid San Viator op 24th"]
[Site "Madrid"]
[Date "2015.05.24"]
[Round "8"]
[White "Mazo Fernandez, Roberto"]
[Black "Villacorta Nicolas, David"]
[Result "1-0"]
[WhiteElo "1966"]
[BlackElo "1699"]
[PlyCount "109"]
[EventDate "2015.03.22"]
[EventType "swiss"]
[EventRounds "9"]
[EventCountry "ESP"]
[SourceTitle "EXT 2016"]
[Source "ChessBase"]
[SourceDate "2015.10.08"]
[SourceVersion "1"]
[SourceVersionDate "2015.10.08"]
[SourceQuality "1"]

1. d4 Nf6 2. c4 c5 3. d5 b5 4. cxb5 a6 5. bxa6 g6 6. Nc3 Bxa6 7. g3 d6 8. Bg2 Bg7 9. Nf3 Nbd7 10. Rb1 Nb6 11. b3 0-0 12. 0-0 Qc7 13. Re1 Bb7 14. e4 Ng4 15. Nb5 Qd7 16. a4 Ba6 17. Bf1 Ne5 18. Nxe5 Bxe5 19. Bb2 Bxb2 20. Rxb2 Rfc8 21. Rc2 Rab8 22. Bc4 Nxc4 23. bxc4 Bxb5 24. cxb5 Ra8 25. Ra2 Ra5 26. Qd2 Qa7 27. Rea1 Rb8 28. Qc2 Rb7 29. Qc4 Rb8 30. Kg2 Qb6 31. Re1 Rba8 32. Kf3 Qc7 33. Ke3 Qa7 34. Rea1 Qd7 35. Kd3 Qg4 36. Kc3 Qh5 37. f4 Qg4 38. Qd3 h5 39. Kc4 Qc8 40. Qc3 R8a7 41. Kb3 Qb7 42. Qc4 Qd7 43. Re1 Ra8 44. e5 Qa7 45. exd6 exd6 46. f5 gxf5 47. Rf1 Qe7 48. Qf4 Qe4 49. Qxe4 fxe4 50. Rf6 Rd8 51. Rf4 Re8 52. Re2 Re5 53. Rfxe4 Rxd5 54. b6 Rd3+ 55. Kc2 1-0

[Event "Madrid San Viator op 24th"]
[Site "Madrid"]
[Date "2015.04.26"]
[Round "5"]
[White "Gonzalez Berrendero, Carlos"]
[Black "Mazo Fernandez, Roberto"]
[Result "1-0"]
[WhiteElo "1779"]
[BlackElo "1966"]
[PlyCount "149"]
[EventDate "2015.03.22"]
[EventType "swiss"]
[EventRounds "9"]
[EventCountry "ESP"]
[SourceTitle "EXT 2016"]
[Source "ChessBase"]
[SourceDate "2015.10.08"]
[SourceVersion "1"]
[SourceVersionDate "2015.10.08"]
[SourceQuality "1"]

1. b3 Nf6 2. Bb2 e6 3. e3 c5 4. f4 d5 5. Nf3 Nbd7 6. a4 b6 7. Bb5 a6 8. Bc6 Ra7 9. Be5 Bb7 10. Bxb7 Rxb7 11. Bb2 Qc7 12. Qe2 Ra7 13. 0-0 Bd6 14. Na3 0-0 15. c4 Re8 16. Qd3 d4 17. Rae1 dxe3 18. dxe3 e5 19. Rd1 e4 20. Qxd6 exf3 21. Qxc7 Rxc7 22. Rxf3 Ne4 23. Nc2 f6 24. Rff1 Nb8 25. Rd5 Nc6 26. Rfd1 Ree7 27. g4 h6 28. Kg2 Kf7 29. Kf3 Na5 30. R1d3 Nb7 31. h4 Rc6 32. g5 Rd6 33. gxf6 gxf6 34. Rxd6 Nbxd6 35. Bc3 Nf5 36. Be1 Kg6 37. Rd5 h5 38. b4 Nfd6 39. a5 Nxc4 40. bxc5 bxc5 41. Rd8 Re6 42. Rd5 Re7 43. Rd3 Ned6 44. Bg3 f5 45. Be1 Rb7 46. Na3 Rb2 47. Rd5 Ra2 48. Nxc4 Nxc4 49. Rxc5 Rc2 50. Rc6+ Kf7 51. Rxa6 Rc1 52. Bb4 Rb1 53. Ra7+ Ke6 54. Bc5 Kd5 55. Bd4 Nd2+ 56. Ke2 Nb3 57. Bb6 Rb2+ 58. Kd3 Ra2 59. Kc3 Nc1 60. Rh7 Ne2+ 61. Kb3 Ra1 62. Rxh5 Ke4 63. Rh7 Kd3 64. Rd7+ Ke4 65. Rd8 Rb1+ 66. Kc2 Ra1 67. Rd6 Ng3 68. Bd4 Rh1 69. a6 Rxh4 70. Rd8 Rh7 71. a7 Rc7+ 72. Kb3 Rb7+ 73. Kc4 Rc7+ 74. Bc5 Nf1 75. a8Q+ 1-0

[Event "Madrid-ch U18 1415"]
[Site "Madrid"]
[Date "2015.01.02"]
[Round "5"]
[White "Alfaya Marcelo, Roberto"]
[Black "Mazo Fernandez, Roberto"]
[Result "1-0"]
[WhiteElo "1995"]
[BlackElo "1927"]
[PlyCount "101"]
[EventDate "2014.12.26"]
[EventType "swiss"]
[EventRounds "7"]
[EventCountry "ESP"]
[SourceTitle "EXT 2018"]
[Source "ChessBase"]
[SourceDate "2017.10.13"]
[SourceVersion "1"]
[SourceVersionDate "2017.10.13"]
[SourceQuality "1"]

1. Nf3 Nf6 2. c4 c6 3. g3 d5 4. b3 Bf5 5. Bb2 e6 6. Bg2 Nbd7 7. 0-0 Bd6 8. d4 0-0 9. Nbd2 h6 10. Ne5 Qc7 11. f4 Ng4 12. Nxg4 Bxg4 13. Qe1 f5 14. a4 Nf6 15. Ba3 Bxa3 16. Rxa3 c5 17. e3 Rfe8 18. Qf2 Rad8 19. Rc1 Ne4 20. Bxe4 dxe4 21. b4 cxd4 22. exd4 Qb6 23. b5 Qxd4 24. Nf1 Qxf2+ 25. Kxf2 Rd3 26. Rxd3 exd3 27. Rc3 Be2 28. Nd2 e5 29. fxe5 Rxe5 30. c5 Bd1 31. c6 bxc6 32. bxc6 Bxa4 33. c7 Bd7 34. c8Q+ Bxc8 35. Rxc8+ Kh7 36. Nf3 Re2+ 37. Kf1 Ra2 38. Rd8 Ra1+ 39. Kf2 Ra2+ 40. Ke3 Ra3 41. Kf4 a5 42. Kxf5 a4 43. Ke4 Ra1 44. Rxd3 a3 45. Kf4 g5+ 46. Kg4 Kg6 47. Rd6+ Kg7 48. Nd4 a2 49. Nf5+ Kf8 50. Ra6 Rh1 51. Rxa2 1-0

[Event "San Sebastian de los Reyes op 15th"]
[Site "San Sebastian"]
[Date "2013.12.02"]
[Round "3"]
[White "Alvarez Abejon, Amilcar"]
[Black "Mazo Fernandez, Roberto"]
[Result "1-0"]
[WhiteElo "2081"]
[BlackElo "1740"]
[PlyCount "121"]
[EventDate "2013.11.30"]
[EventType "swiss"]
[EventRounds "9"]
[EventCountry "ESP"]
[SourceTitle "CBM 157 Extra"]
[Source "ChessBase"]
[SourceDate "2013.12.19"]
[SourceVersion "1"]
[SourceVersionDate "2013.12.19"]
[SourceQuality "1"]

1. d4 Nf6 2. c4 e6 3. Nc3 Bb4 4. e3 0-0 5. Bd3 d5 6. cxd5 exd5 7. Nge2 Re8 8. 0-0 b6 9. Qc2 Bb7 10. Ng3 Nbd7 11. a3 Bxc3 12. bxc3 c5 13. Qd1 Ne4 14. Ne2 Ndf6 15. f3 Nd6 16. Ng3 Rc8 17. Ra2 cxd4 18. cxd4 Qd7 19. a4 Bc6 20. Re1 Rc7 21. Bc2 b5 22. Ba3 Nc4 23. e4 dxe4 24. fxe4 Nxa3 25. Rxa3 Qg4 26. Qxg4 Nxg4 27. Rc3 Rec8 28. Rb1 Bd7 29. Rxc7 Rxc7 30. Bd1 Ne3 31. Bb3 b4 32. h3 g6 33. Ne2 a5 34. Kf2 Nf5 35. exf5 Bxf5 36. Rc1 Rxc1 37. Nxc1 Kf8 38. Ke3 Ke7 39. Nd3 h5 40. Ne5 f6 41. Nc6+ Kd7 42. Nxa5 g5 43. d5 h4 44. Nc6 g4 45. hxg4 Bxg4 46. Nxb4 h3 47. gxh3 Bxh3 48. Kd4 Kc7 49. Kc5 Kb7 50. d6 Bd7 51. Nd5 f5 52. Nf6 Bc8 53. d7 Bxd7 54. Nxd7 f4 55. Kb5 f3 56. Bd5+ Ka7 57. Ne5 f2 58. Bg2 f1Q+ 59. Bxf1 Kb7 60. a5 Ka7 61. a6 1-0

[Event "Villalba op 1st"]
[Site "Villalba"]
[Date "2013.08.04"]
[Round "9.27"]
[White "Picazo Sancho, Alvaro"]
[Black "Mazo Fernandez, Roberto"]
[Result "0-1"]
[WhiteElo "1521"]
[BlackElo "1702"]
[PlyCount "96"]
[EventDate "2013.07.27"]
[EventType "swiss"]
[EventRounds "9"]
[EventCountry "ESP"]
[SourceTitle "EXT 2024"]
[Source "ChessBase"]
[SourceDate "2023.10.10"]
[SourceVersion "1"]
[SourceVersionDate "2023.10.10"]
[SourceQuality "1"]

1. e4 c5 2. Nf3 d6 3. d4 cxd4 4. Nxd4 Nf6 5. Nc3 a6 6. Be2 e5 7. Nb3 Be6 8. Be3 Nbd7 9. f3 b5 10. 0-0 Be7 11. Kh1 0-0 12. Nd2 d5 13. exd5 Nxd5 14. Nxd5 Bxd5 15. Ne4 Be6 16. c3 f5 17. Nd2 Bc5 18. Bxc5 Nxc5 19. Nb1 Qc7 20. Qc1 Rad8 21. Rd1 Rxd1+ 22. Qxd1 e4 23. Qe1 Bc4 24. Bxc4+ bxc4 25. Qe2 Nd3 26. Nd2 Re8 27. fxe4 fxe4 28. Rf1 e3 29. Rf3 Nf4 30. Rxe3 Nxe2 31. Rxe8+ Kf7 32. Rxe2 Qd7 33. Kg1 Qa4 34. Ne4 Qxa2 35. Nd6+ Kf6 36. Ne8+ Kg6 37. Re6+ Kf7 38. Re2 Qb1+ 39. Kf2 Qf5+ 40. Ke1 Qc5 41. Kf1 a5 42. g3 a4 43. Ke1 a3 44. bxa3 Qxa3 45. Kd1 Qb3+ 46. Kd2 Qb2+ 47. Kd1 Qb1+ 48. Kd2 Qd3+ 0-1

[Event "Villalba op 1st"]
[Site "Villalba"]
[Date "2013.08.03"]
[Round "8.29"]
[White "Mazo Fernandez, Roberto"]
[Black "Barria Arbunic, Manuel"]
[Result "1/2-1/2"]
[WhiteElo "1702"]
[BlackElo "1506"]
[PlyCount "46"]
[EventDate "2013.07.27"]
[EventType "swiss"]
[EventRounds "9"]
[EventCountry "ESP"]
[SourceTitle "EXT 2024"]
[Source "ChessBase"]
[SourceDate "2023.10.10"]
[SourceVersion "1"]
[SourceVersionDate "2023.10.10"]
[SourceQuality "1"]

1. d4 Nf6 2. c4 e6 3. Nc3 c5 4. d5 exd5 5. cxd5 d6 6. e4 g6 7. h3 Bg7 8. Nf3 0-0 9. Bd3 b5 10. Bxb5 Nxe4 11. Nxe4 Qa5+ 12. Nfd2 Qxb5 13. Nxd6 Qa6 14. N2c4 Rd8 15. Bf4 Rxd6 16. Nxd6 Bxb2 17. Qe2 Bc3+ 18. Kf1 Qxe2+ 19. Kxe2 Ba6+ 20. Kf3 Bxa1 21. Rxa1 Nd7 22. g4 Nb6 23. Rd1 Rd8 1/2-1/2